| 000 | 004350000a22001210004500 | ||
|---|---|---|---|
| 090 |
_aAS _bSeriadas |
||
| 245 | 1 | 0 | _aNueva especie de Petrejoides kuwert (<Coleoptera Passalidae>) del Chocó biogeográfico e inquietudes sobre prioridades investigativas |
| 041 | 0 | _aEspañol | |
| 700 | 1 |
_aPardo Locarno, Luis Carlos _910104 |
|
| 100 | 1 |
_aReyes Castillo, Pedro _992314 |
|
| 942 | _cARTICULO | ||
| 773 | 1 |
_tCespedesia _3124 _h68 _q195-202 _d1996 _g21 |
|
| 999 |
_c15083 _d15083 |
||